| 000 | 00785nam a2200289Ia 4500 | ||
|---|---|---|---|
| 008 | 170203s9999 xx 000 0 und d | ||
| 020 | _a0-439419158 | ||
| 050 | _aFic | ||
| 050 | _bB146t | ||
| 100 | _aBaglio, Ben M. | ||
| 245 | 4 | _aThe curious kitten / | |
| 245 | _cby Ben M. Baglio ; illustrated by Andy Ellis. | ||
| 260 | _aNew York : | ||
| 260 | _bScholastic, | ||
| 260 | _c2001 | ||
| 300 | _a59 pages : | ||
| 300 | _billustrations ; | ||
| 300 | _c20 cm. | ||
| 500 | _a"A little apple paperback." | ||
| 650 | _aAnimal Ark (Imaginary organization) | ||
| 650 | _aAnimal Ark (Imaginary organization) -- Juvenile fiction. | ||
| 650 | _aCats -- | ||
| 650 | _aCats. | ||
| 650 | _aKittens -- | ||
| 650 | _xJuvenile fiction. | ||
| 650 | _xJuvenile fiction. | ||
| 999 |
_c306648 _d306648 |
||